• 首页
  • 本馆介绍
  • 公告通知
  • 最新文献
  • 馆藏检索
  • 电子资源
  • 读者导购
  • 参考咨询
  • 我的图书馆
  • 登录
  • 详细信息显示
  • 放入我的书架
  • 预约/预借图书
  • 作者相关作品
  • 分类相关作品
  • 丛书相关作品
  • 出版社相关作品

书目信息

  • 表格格式
  • 工作单格式
  • 卡片格式
题名:
第一次世界大战史
    
 
作者: 萨那 编写
分册:  
出版信息: 北京   人民出版社  1979
页数: 323页
开本: 20cm
丛书名:
单 册:
中图分类: K143
科图分类:
主题词: 第一次世界大战-战争史 , 战争史-第一次世界大战
电子资源:
ISBN:
000 00651nam0 2200241 45
001 0179007783
005 20040507153254.3
010    @dCNY0.79
091    @a11001.373
100    @a19950810d1979 em y0chiy0121 ea
101 0  @achi
102    @aCN@b110000
105    @ay z 000yy
106    @ar
200 10 @a第一次世界大战史@Adi yi ci shi jie da zhan shi@f萨那等编写
210    @a北京@c人民出版社@d1979
215    @a323页@d20cm
606    @a第一次世界大战-战争史
606    @a战争史-第一次世界大战
690    @aK143@v3
701  0 @a萨那@Asa na@4编写
801  0 @aCN@bNLC@c20040102
905    @dK143@e10@f1@b53070@f1@b53073@b53078@f1@f1@b21012
    
    第一次世界大战史/萨那等编写.-北京:人民出版社,1979
    323页;20cm
    
    
    ISBN :CNY0.79
    
●
相关链接 在E读中查询图书 在五车中查询图书 在当当中查询图书 在豆瓣中查询图书


正题名:第一次世界大战史     索取号:K143/10         预约/预借

序号 登录号 条形码 馆藏地/架位号 状态 备注
1 0021012   001417693   密集书库/ [索取号:K143/10] 在馆    
2 0053070   001417719   第二借阅区/ [索取号:K143/10] 在馆    
3 0053071   001912666   密集书库/ [索取号:K143/10] 在馆    
4 0053072   001855718   密集书库/ [索取号:K143/10] 在馆    
5 0053073   001417700   密集书库/ [索取号:K143/10] 在馆    
6 0053074   001855736   密集书库/ [索取号:K143/10] 在馆    
7 0053075   001855674   密集书库/ [索取号:K143/10] 在馆    
8 0053076   001912620   密集书库/ [索取号:K143/10] 在馆    
9 0053077   202112640   第二样本阅览室/ [索取号:K143/10] 在馆    
10 0053078   001417728   密集书库/ [索取号:K143/10] 在馆    
11 0053079   001855727   密集书库/ [索取号:K143/10] 在馆    
唐山师范学院图书馆 欢迎您!
大连网信软件有限公司© 版权所有